[Event "39th Olympiad Men"]
[Site "Khanty-Mansiysk RUS"]
[Date "2010.09.27"]
[Round "6"]
[White "Young,Al"]
[Black "Porter,Ru"]
[Result "1-0"]
[WhiteElo "2009"]
[BlackElo "2163"]

1.e4 c5 2.c3 Nf6 3.e5 Nd5 4.Nf3 Nc6 5.Bc4 Nb6 6.Bb3 e6 7.d4 cxd4 8.cxd4 d6
9.Qe2 dxe5 10.dxe5 Bb4+ 11.Bd2 Bxd2+ 12.Nbxd2 Nd4 13.Nxd4 Qxd4 14.O-O Qxb2
15.Rab1 Qa3 16.Ne4 O-O 17.Qh5 Qe7 18.Bc2 f5 19.exf6 gxf6 20.Rb3 Bd7 21.Rh3 f5
22.Ng5 Be8 23.Qf3 Bg6 24.Nxe6 Rf6 25.Ng5 Kh8 26.Bb3 Rc8 27.Rg3 Rfc6 28.h4 Nc4
29.Rd1 Ne5 30.Qe3 Rc5 31.Qd4 Qf6 32.Re3 Ng4 33.Ree1 Qxd4 34.Rxd4 Rc1 35.Rdd1 Rxd1
36.Rxd1 Ne5 37.Re1 Nc6 38.f3 f4 39.Re6 Kg7 40.Rd6 Na5 41.Ne6+ Kh8 42.Nxf4 Be8
43.Be6 Rc1+ 44.Kh2 Kg7 45.Rd8 Bc6 46.Nh5+ Kh6 47.g4 Bxf3 48.Kg3 Be4 49.Nf6 Rg1+
50.Kf4 Rf1+ 51.Kxe4 Re1+ 52.Kf5 Rf1+ 53.Ke4 Re1+ 54.Kf4 Rxe6 55.Kf5 Rb6 56.Rd7 Rb5+
57.Nd5  1-0

[Event "39th Olympiad Men"]
[Site "Khanty-Mansiysk RUS"]
[Date "2010.09.27"]
[Round "6"]
[White "Colindres,D"]
[Black "Khetho,P"]
[Result "1-0"]
[WhiteElo "2233"]
[BlackElo "2266"]

1.e4 c5 2.c3 Nf6 3.e5 Nd5 4.d4 cxd4 5.Nf3 Nc6 6.Bc4 Nb6 7.Bb3 d6 8.exd6 Qxd6
9.O-O d3 10.Na3 Bf5 11.Nb5 Qd7 12.Bf4 Rc8 13.Re1 e6 14.Nfd4 Be7 15.Nxf5 exf5
16.Nd6+ Kf8 17.Qh5 Bxd6 18.Bxd6+ Kg8 19.Re7 g6 20.Bxf7+ Kg7 21.Bxg6+ Nxe7
22.Be5+ Kg8 23.Bf7+ Kf8 24.Qh6+ Kxf7 25.Qf6+ Ke8 26.Qxh8+ Kf7 27.Qxh7+ Ke6
28.Bf4 Kd5 29.Re1 Nc6 30.Qh3 Kc4 31.Qe3 Kb5 32.b3 a5 33.c4+ Ka6 34.c5 Na8
35.Bd6 Nb4 36.a3 Re8 37.Qd2 Rxe1+ 38.Qxe1 Nc2 39.Qc3 Qb5 40.a4 Qb4 41.Qxd3+ Ka7
42.c6 Qe1+ 43.Qf1 Qe6 44.c7 Nb6 45.Bc5 Nb4 46.h4 Na6 47.Qb5 Qe1+ 48.Kh2 Qe5+
49.Kh3 Qxc5 50.Qxc5 Nxc5 51.h5 Ncd7 52.h6 Nf8 53.Kh4 Nc8 54.Kg5 Kb6 55.Kf6 Kxc7
56.Kf7 Nh7 57.Kg7 Ng5 58.f4 Ne6+ 59.Kf6 Kd7 60.h7 Nxf4 61.h8=Q Ne7 62.Qa8 Nfd5+
63.Ke5 b6 64.Qb7+ Ke8 65.Qxd5 Nxd5 66.Kxd5 Kd7 67.Ke5 Kc6 68.Kxf5 Kc5 69.g4 Kb4
70.g5 Kxb3 71.g6 Kxa4 72.g7 b5 73.g8=Q b4 74.Qa2+ Kb5 75.Ke4 a4 76.Qd5+  1-0

[Event "EYCC Girls U14"]
[Site "Batumi GEO"]
[Date "2010.09.28"]
[Round "9"]
[White "Kakutia,A"]
[Black "Shamatava,A"]
[Result "1/2-1/2"]
[WhiteElo "1733"]
[BlackElo "1922"]

1.e4 c5 2.c3 Nf6 3.e5 Nd5 4.Nf3 Nc6 5.Bc4 Nb6 6.Bb3 e6 7.O-O d6 8.exd6 Bxd6
9.d4 cxd4 10.cxd4 O-O 11.Nc3 Nb4 12.a3 N4d5 13.Nxd5 Nxd5 14.Bxd5 exd5 15.Qb3 b6
16.Bg5 Qd7 17.Ne5 Bxe5 18.dxe5 Bb7 19.Qg3 Kh8 20.Qh4 Qf5 21.Qf4 Qe6 22.Qg3 Rac8
23.Rac1 Rfe8 24.Be3 Ba6 25.Rxc8 Rxc8 26.Rc1 Bc4 27.Bd4 a5 28.f4 a4 29.Qf2 Bb3
30.Rxc8+ Qxc8 31.Bc3 Qc5 32.Bd4 Qc1+ 33.Qf1 Qd2 34.Bc3 Qc2 35.f5 Bc4 36.Qf4 Qd1+
37.Kf2 Qf1+  1/2-1/2

[Event "39th Olympiad Men"]
[Site "Khanty-Mansiysk RUS"]
[Date "2010.09.28"]
[Round "7"]
[White "Shrestha,K"]
[Black "Lee,T"]
[Result "1-0"]
[WhiteElo "2122"]
[BlackElo "1935"]

1.e4 c5 2.c3 Nf6 3.e5 Nd5 4.d4 cxd4 5.Nf3 Nc6 6.cxd4 d6 7.exd6 Qxd6 8.Nc3 Bg4
9.Be2 e6 10.O-O Be7 11.a3 O-O 12.Nxd5 Qxd5 13.Be3 Bf6 14.Qa4 Qd6 15.Rfd1 Rfd8
16.Rd2 a6 17.Rad1 b5 18.Qc2 Ne7 19.h3 Bf5 20.Bd3 Rac8 21.Qb1 Bxd3 22.Qxd3 Nd5
23.Qe4 Rc4 24.g4 g6 25.Kg2 Bg7 26.g5 b4 27.axb4 Rxb4 28.Rc1 Rdb8 29.Rcc2 a5
30.Ne1 Rb3 31.Nd3 Nb4 32.Bf4 Qd8 33.Bxb8 Nxc2 34.Rxc2 Rxb8 35.h4 Qd5 36.Qxd5 exd5
37.Rc5 Bxd4 38.Rxd5 Bxb2 39.Rxa5 Kg7 40.Ra7 Rb3 41.Rd7 Rb6 42.f4 Kf8 43.Kf3 Ke8
44.Rc7 Bg7 45.Nc5 h5 46.Ne4 Re6 47.Nc5 Rb6 48.Nd3 Rb1 49.Nf2 Rb3+ 50.Ke2 Rb2+
51.Kf3 Rb3+ 52.Kg2 Rb2 53.Rc4 Ke7 54.Kf3 Rb3+ 55.Ke4 Rb2 56.Nd3 Re2+ 57.Kf3 Rh2
58.Nf2 Rxh4 59.Kg3 Rg4+ 60.Nxg4 hxg4 61.Kxg4 Ke6 62.Rc6+ Kd5 63.Ra6 Bc3 64.f5 gxf5+
65.Kxf5 Bd4 66.Rf6 Bxf6 67.Kxf6 Ke4 68.Kxf7 Kf5 69.g6 Kg5 70.g7  1-0

[Event "39th Olympiad Men"]
[Site "Khanty-Mansiysk RUS"]
[Date "2010.09.28"]
[Round "7"]
[White "Sveshnikov,V"]
[Black "Halay,T"]
[Result "0-1"]
[WhiteElo "2374"]
[BlackElo "2358"]

1.e4 c5 2.c3 Nf6 3.e5 Nd5 4.Nf3 Nc6 5.Bc4 Nb6 6.Bb3 c4 7.Bc2 d6 8.exd6 Qxd6
9.O-O Bg4 10.Re1 e6 11.b3 Qc7 12.h3 Bh5 13.Qe2 Bd6 14.Na3 Ne5 15.g4 Nxf3+
16.Qxf3 Bxa3 17.Bxa3 Bg6 18.Be4 O-O-O 19.Rad1 Bxe4 20.Qxe4 Rd3 21.Re3 Rhd8
22.Rxd3 cxd3 23.c4 Nd7 24.Be7 Re8 25.Bh4 Nc5 26.Qe3 a5 27.Bg3 e5 28.Re1 f6
29.f4 e4 30.f5 Qc6 31.Qf4 Na6 32.Kh2 Nb4 33.Rg1 h6 34.a3 Nc2 35.b4 Re5 36.Qf1 Re7
37.Qf4 Re5 38.Qf1 Re7 39.Qf4 Kd7 40.b5 Qxc4 41.Qd6+ Ke8 42.Qb8+ Kf7 43.Bd6 Qxb5
44.Bxe7 Kxe7 45.Rb1 Qe5+ 46.Qxe5+ fxe5 47.Kg2 b5 48.Kf2 Nxa3 49.Rc1 Nc2  0-1

[Event "39th Olympiad Men"]
[Site "Khanty-Mansiysk RUS"]
[Date "2010.09.29"]
[Round "8"]
[White "Shiomi,R"]
[Black "Del Castilho,M"]
[Result "1-0"]
[WhiteElo "2105"]
[BlackElo "2218"]

1.e4 c5 2.c3 Nf6 3.e5 Nd5 4.Nf3 e6 5.d4 cxd4 6.cxd4 d6 7.Bc4 dxe5 8.dxe5 Be7
9.O-O O-O 10.Qe2 b6 11.Rd1 Bb7 12.Bxd5 Bxd5 13.Nc3 Bxf3 14.Qxf3 Nd7 15.Bf4 Qe8
16.Qg3 Kh8 17.Nb5 Qd8 18.Rac1 Rc8 19.Nxa7 Rxc1 20.Rxc1 Qa8 21.Rc7 Qe4 22.h3 Bc5
23.Be3 Bxe3 24.Qxe3 Qxe3 25.fxe3 Nxe5 26.b4 g6 27.Kf1 Rd8 28.Rc8 Rxc8 29.Nxc8 Nc4
30.Ke2 b5 31.Na7 Nd6 32.Kd3 e5 33.Nxb5 Nxb5 34.a4 Nc7 35.b5 f5 36.Kc4 e4
37.a5 g5 38.a6 f4 39.exf4 gxf4 40.a7 Na8 41.Kc5 e3 42.b6  1-0

[Event "39th Olympiad Men"]
[Site "Khanty-Mansiysk RUS"]
[Date "2010.09.29"]
[Round "8"]
[White "Sveshnikov,V"]
[Black "Pavasovic,D"]
[Result "1-0"]
[WhiteElo "2374"]
[BlackElo "2568"]

1.e4 c5 2.c3 Nf6 3.e5 Nd5 4.Nf3 Nc6 5.Bc4 Nb6 6.Bb3 c4 7.Bc2 Qc7 8.Qe2 g5
9.h3 Bg7 10.O-O Nxe5 11.Nxg5 d5 12.Na3 Bd7 13.Re1 e6 14.Nf3 Nxf3+ 15.Qxf3 O-O
16.d4 cxd3 17.Bf4 Qd8 18.Bxd3 Rc8 19.Qg3 f5 20.Nb5 Nc4 21.Bxc4 Rxc4 22.Be5 Qe7
23.Nd4 Re8 24.Re3 Kh8 25.Rae1 Rg8 26.Qf4 Rcc8 27.Rg3 Bf6 28.Qh4 Rcf8 29.Ree3 Rxg3
30.Rxg3 Qf7 31.Nf3 Bc8 32.Ng5 Qg7 33.Nxe6 Bxh4 34.Rxg7 Bf6 35.Re7 Bxe6 36.Rxe6 Bxe5
37.Rxe5 Rd8 38.Rxf5 d4 39.cxd4 Rxd4 40.Rf7  1-0

[Event "21st Open"]
[Site "Goch GER"]
[Date "2010.10.01"]
[Round "3.18"]
[White "Buchkremer,F"]
[Black "Harff,W"]
[Result "1-0"]
[WhiteElo "2072"]
[BlackElo "2187"]

1.e4 c5 2.c3 Nf6 3.e5 Nd5 4.Bc4 Nb6 5.Bb3 c4 6.Bc2 d6 7.exd6 Qxd6 8.Qe2 Nc6
9.Nf3 Bg4 10.O-O f6 11.h3 Bxf3 12.Qxf3 O-O-O 13.b3 Ne5 14.Qe4 Qd5 15.bxc4 Qxe4
16.Bxe4 Nexc4 17.a4 Nd6 18.Bc2 e5 19.d4 Nbc4 20.Na3 Nxa3 21.Bxa3 exd4 22.cxd4 Nc4
23.Bxf8 Rhxf8 24.Bxh7 Rxd4 25.Rfc1 Kb8 26.a5 a6 27.Ra4 Rc8 28.Kh2 Rc5 29.Rb4 Nxa5
30.Rxc5 Rxb4 31.Rxa5 Kc7 32.Kg3 Rd4 33.Kf3 Rd6 34.Be4 b5 35.Ke3 Kb6 36.Ra1 a5
37.Bc2 Rc6 38.Kd2 Rc7 39.Rb1 Kc5 40.Bd3 Rb7 41.Kc3 b4+ 42.Kb3 Rd7 43.Rc1+ Kb6
44.Be4 Rd4 45.f3 Kb5 46.Bc6+ Kb6 47.Be8 Rd3+ 48.Kb2 Re3 49.Bd7 Rd3 50.Bf5 Rd2+
51.Rc2 Rd4 52.Re2 a4 53.Re4 Rd2+ 54.Kc1 Rd5 55.Rxb4+ Ka5 56.Be6 Rd3 57.Rg4 g5
58.Kc2 Rd6 59.Bf7 Rd8 60.h4 gxh4 61.Rxh4 Rb8 62.Rf4 a3 63.Bb3 Rc8+ 64.Kb1 Re8
65.Ka2 Re2+ 66.Kxa3 Rxg2 67.Rf5+ Kb6 68.Rxf6+ Kc5 69.f4 Rf2 70.f5 Rf3 71.Rf8 Kd6
72.f6  1-0

[Event "39th Olympiad Women"]
[Site "Khanty-Mansiysk RUS"]
[Date "2010.10.01"]
[Round "10"]
[White "Jose,Ru"]
[Black "Dewi,A"]
[Result "1/2-1/2"]
[WhiteElo "2039"]
[BlackElo "1987"]

1.e4 c5 2.c3 Nf6 3.e5 Nd5 4.d4 cxd4 5.Nf3 e6 6.cxd4 d6 7.Nc3 Nxc3 8.bxc3 Qc7
9.Bd2 Nd7 10.Qa4 b6 11.Be2 Bb7 12.O-O Be7 13.Bf4 O-O 14.Rac1 dxe5 15.Nxe5 Nxe5
16.Bxe5 Bd6 17.f4 Bxe5 18.fxe5 Qc6 19.Qxc6 Bxc6 20.Rf4 Rac8 21.Ba6 Rc7 22.c4 Rd8
23.Kf2 Kf8 24.Rc2 Ba4 25.Rd2 Rcd7 26.Ke3 Bc6 27.h4 Ke7 28.Rdf2 Rf8 29.h5 h6
30.Rg4 Rg8 31.Rc2 Rc7 32.Kd3 Rd7 33.Rb2 Rdd8 34.Bb5 Bb7 35.Ke3 f5 36.Rg6 f4+
37.Kd3 f3 38.gxf3 Bxf3 39.Rh2 Rdf8 40.d5 exd5 41.cxd5 Bxd5 42.Rc2 Rc8 43.Rxc8 Rxc8
44.Rxg7+ Bf7 45.a4 Rg8 46.Rh7 Rg3+ 47.Ke4 Rg4+ 48.Kf3 Rh4 49.Rxh6 Rxh5 50.Rxh5 Bxh5+
51.Ke4 Bf7 52.Kd4 Bb3 53.Kc3 Bd5 54.Kd4 Bb3 55.Bc6 Ke6 56.Ke4 Bc2+ 57.Kf4 Bb3
58.Bb5 Bd5 59.Ba6 Bb3 60.Bb5 Bd5 61.Be8 Ke7 62.Bb5 Ke6 63.Be2 Bb3 64.Bb5 Bd5  1/2-1/2

[Event "39th Olympiad Men"]
[Site "Khanty-Mansiysk RUS"]
[Date "2010.10.01"]
[Round "10"]
[White "Pavasovic,D"]
[Black "Kraemer,Mart"]
[Result "1/2-1/2"]
[WhiteElo "2568"]
[BlackElo "2516"]

1.e4 c5 2.c3 Nf6 3.e5 Nd5 4.Nf3 d6 5.d4 cxd4 6.cxd4 Nc6 7.Bc4 Nb6 8.Bb3 d5
9.Nh4 e6 10.Nf3 Be7 11.Nc3 Bd7 12.O-O f6 13.exf6 Bxf6 14.Re1 O-O 15.Qd3 Rc8
16.a3 Be8 17.Bf4 Bg6 18.Qe3 Kh8 19.Ne5 Nxe5 20.Bxe5 Bxe5 21.Qxe5 Qh4 22.Qe3 Rf6
23.Rad1 Rcf8 24.Rd2 Nc8 25.Qg3 Qh6 26.Rde2 Bh5 27.Re5 Rg6 28.Qe3 Bf3 29.Qxh6 Rxg2+
30.Kf1 gxh6 31.Bd1 Rxh2 32.Bxf3 Rxf3 33.R1e2 Ne7 34.Rxe6 Ng6 35.Nxd5 Rh1+
36.Kg2 Rfh3 37.Rxg6 hxg6 38.Re7 R3h2+ 39.Kg3 Rh3+ 40.Kg2 R3h2+ 41.Kg3 Rh5
42.Kg2 R1h2+  1/2-1/2

[Event "39th Olympiad Men"]
[Site "Khanty-Mansiysk RUS"]
[Date "2010.10.01"]
[Round "10"]
[White "Potapov,P"]
[Black "Fernando,D"]
[Result "1-0"]
[WhiteElo "2464"]
[BlackElo "2475"]

1.e4 c5 2.c3 Nf6 3.e5 Nd5 4.Nf3 e6 5.d4 cxd4 6.cxd4 b6 7.Nc3 Nxc3 8.bxc3 Qc7
9.Bd2 Bb7 10.Bd3 d6 11.O-O Nd7 12.Ng5 dxe5 13.Qh5 g6 14.Qh3 Be7 15.Qh6 Rf8
16.Qxh7 O-O-O 17.Nxf7 Rde8 18.Bb5 a6 19.Bxd7+ Qxd7 20.Nxe5 Qd5 21.Qh3 Rf5
22.Be3 Bf6 23.Qg3 Rh5 24.c4 Qe4 25.Rfe1 Bxe5 26.dxe5 Reh8 27.f3 Qc6 28.h3 g5
29.Rab1 Qa4 30.Rxb6 Qxa2 31.Qg4 Kb8 32.Reb1 R5h7 33.Qe4  1-0

[Event "21st Open"]
[Site "Goch GER"]
[Date "2010.10.02"]
[Round "4.35"]
[White "Haverkamp,K"]
[Black "Punt,R"]
[Result "1/2-1/2"]
[WhiteElo "1973"]
[BlackElo "2113"]

1.e4 c5 2.c3 Nf6 3.e5 Nd5 4.d4 cxd4 5.Qxd4 e6 6.Nf3 Nc6 7.Qe4 f5 8.Qe2 Be7
9.g3 O-O 10.Nbd2 b6 11.Bg2 a5 12.a3 Ba6 13.c4 Nc7 14.O-O b5 15.Rd1 Qe8 16.b3 Rb8
17.Nf1 a4 18.bxa4 bxc4 19.Qd2 Nd5 20.Ne3 Nxe3 21.Qxe3 Rb3 22.Qe1 Bc5 23.Nd2 Rb8
24.Nf3 Rb3 25.Nd2 Rb7 26.Nf3 Qh5 27.Be3 Bxe3 28.Qxe3 f4 29.gxf4 Rb3 30.Qe4 Na5
31.Rxd7 Bb7 32.Rxb7 Rxb7 33.Ng5 Re7 34.Bh3 Nb3 35.Re1 Nd2 36.Qe3 c3 37.Rc1 h6
38.Nxe6 Nf3+ 39.Kg2 Nh4+ 40.Kh1 c2 41.Qd3 Rb8 42.Nd4 Rc7 43.Be6+ Kh8 44.Nb5 Rc5
45.h3 Qg6 46.Qxg6 Nxg6 47.Bf5 Nxf4 48.Rxc2 Rxe5 49.Bg4 h5 50.Rc8+ Rxc8 51.Bxc8 Rc5
52.Bd7 Nd3 53.a5 Rd5 54.Be8 Re5 55.Bc6 Nc5 56.Kg2 Re6 57.Bf3 Ra6 58.Bxh5 Rxa5
59.Be2 Ne4 60.f4 Ra4 61.Kf3 Nd2+ 62.Ke3 Nb1 63.Bd1 Ra6 64.a4 Rh6 65.Bg4 Ra6
66.Bf5 Rxa4 67.Bxb1 Rb4 68.Bd3 Rb2 69.Nd4 Kg8 70.Nf3 Kf7 71.f5 Kf6 72.Ke4 Rf2
73.Ke3 Ra2 74.h4 Ra3 75.Nd4 Ke5 76.Nf3+ Kf6 77.Ke4 Ra4+ 78.Nd4 Ra1 79.Nf3 Ra4+  1/2-1/2

[Event "Tatry Open"]
[Site "Tatranske Zruby CZE"]
[Date "2010.10.02"]
[Round "1"]
[White "Tropp,L"]
[Black "Sturc,J"]
[Result "1/2-1/2"]
[WhiteElo "2018"]
[BlackElo "1961"]

1.e4 c5 2.c3 Nf6 3.e5 Nd5 4.d4 cxd4 5.Nf3 Nc6 6.cxd4 d6 7.Bc4 e6 8.O-O Nb6
9.Bd3 dxe5 10.dxe5 Nb4 11.Be4 Be7 12.Bd2 O-O 13.Bxb4 Qxd1 14.Rxd1 Bxb4 15.a3 Be7
16.Nc3 f6 17.Rac1 Nd7 18.Bxb7 Bxb7 19.Rxd7 Bxf3 20.Rxe7 Bh5 21.Rxe6 Rab8
22.b4 Rbc8 23.f3 Rfd8 24.Rd6 fxe5 25.Rxd8+ Rxd8 26.Nb5 a6 27.Nc7 Rd3 28.Nxa6 Rxa3
29.b5 Rb3 30.Rc5 Be8 31.Nc7 Bd7 32.Rd5 Bf5 33.Rxe5 Bd3 34.Re3 Rb1+ 35.Kf2 Bxb5
36.Nxb5 Rxb5 37.Re7 h5 38.h4 Kh7 39.Rc7 Rb2+ 40.Kg3 Kh6 41.Rc6+ g6 42.Rc7 Ra2
43.Rf7 Rb2 44.Ra7 Rc2 45.Kh3 Rb2 46.Re7 Ra2 47.Rd7 Rb2 48.g4 hxg4+ 49.fxg4 Rb3+
50.Kg2 Ra3 51.Rf7 Rb3 52.Rf3 Rb6 53.Re3 Rb7 54.Kg3 Ra7 55.Kf4 Rf7+ 56.Kg3 Ra7
57.Rd3 Rb7 58.Kf4 Rb4+ 59.Kf3 Rb7 60.Rd8 Rb3+ 61.Ke4 Rb7 62.Ke5 Kg7 63.g5 Re7+
64.Kd5 Re1 65.Rd7+ Kg8 66.Rc7 Rh1 67.Rc4 Kf7 68.Ke5 Re1+ 69.Re4 Ra1 70.Re3 Ra4
71.Re4 Ra5+ 72.Kf4 Rf5+ 73.Kg4 Ra5 74.Kf4 Rf5+ 75.Kg4 Ra5 76.Rc4 Ra7 77.Kf4 Re7
78.Rd4 Ra7 79.Ke5 Re7+ 80.Kd6 Re1 81.Rf4+ Kg7 82.Kd5 Ra1 83.Rc4 Rd1+ 84.Ke5 Re1+
85.Kd5 Rd1+ 86.Rd4 Re1 87.Re4 Rd1+ 88.Kc6 Kf7 89.Kc5 Ra1 90.Kd6 Ra6+ 91.Ke5 Ra5+
92.Kf4 Rf5+ 93.Kg4 Ra5 94.h5 gxh5+ 95.Kxh5 Ra1 96.Rf4+ Kg7 97.Rd4  1/2-1/2

[Event "21st Open"]
[Site "Goch GER"]
[Date "2010.10.03"]
[Round "6.21"]
[White "Den Boer,Lennard"]
[Black "Stefkovic,Mari"]
[Result "0-1"]
[WhiteElo "1926"]
[BlackElo "2133"]

1.e4 c5 2.c3 Nf6 3.e5 Nd5 4.d4 cxd4 5.cxd4 d6 6.Nf3 Nc6 7.Bc4 e6 8.O-O Nb6
9.Bb3 Be7 10.Nc3 Bd7 11.exd6 Bxd6 12.Ne4 Be7 13.Nc5 Na5 14.Nxd7 Qxd7 15.Ne5 Qb5
16.Qf3 O-O 17.Bc2 Rad8 18.Qh3 f5 19.Rd1 Bf6 20.Qd3 Qe8 21.Bf4 Nd5 22.Bd2 Nc6
23.Nxc6 Qxc6 24.Bb3 Qb6 25.Bc3 g6 26.Re1 Rfe8 27.Rad1 Kf7 28.Qd2 Qd6 29.Qd3 a6
30.g3 h5 31.Re2 h4 32.Rde1 hxg3 33.fxg3 b5 34.a3 Qb6 35.Kh1 a5 36.Ra1 Qb7
37.Kg1 b4 38.Be1 Rd6 39.Bf2 Bg7 40.Rc1 Nf6 41.Rce1 Ng4 42.Qc4 Nxf2 43.d5 Ne4
44.Rf1 Bf6 45.dxe6+ Kg7  0-1

[Event "39th Olympiad Men"]
[Site "Khanty-Mansiysk RUS"]
[Date "2010.10.03"]
[Round "11"]
[White "Kojima,S"]
[Black "Gilruth,P"]
[Result "1-0"]
[WhiteElo "2334"]
[BlackElo "2202"]

1.e4 c5 2.c3 Nf6 3.e5 Nd5 4.Nf3 Nc6 5.Bc4 Nb6 6.Bb3 c4 7.Bc2 d5 8.exd6 Qxd6
9.O-O Bg4 10.Re1 e6 11.b3 Be7 12.Na3 cxb3 13.axb3 O-O 14.d4 Nd5 15.Nc4 Qc7
16.h3 Bh5 17.Bd2 Bf6 18.Nce5 Bxe5 19.dxe5 Bxf3 20.Qxf3 Nxe5 21.Bxh7+ Kxh7
22.Qh5+ Kg8 23.Rxe5 Rfd8 24.Rg5 f6 25.Rg3 Nf4 26.Bxf4 Qxf4 27.Ra4 Qf5 28.Qh4 Qb1+
29.Kh2 Rd1 30.Rxg7+ Kxg7 31.Rg4+ Kf7 32.Qh5+ Ke7 33.Qc5+ Rd6 34.Qc7+ Rd7
35.Rg7+  1-0

[Event "39th Olympiad Men"]
[Site "Khanty-Mansiysk RUS"]
[Date "2010.10.03"]
[Round "11"]
[White "Pavasovic,D"]
[Black "Fier,A"]
[Result "0-1"]
[WhiteElo "2568"]
[BlackElo "2588"]

1.e4 c5 2.c3 Nf6 3.e5 Nd5 4.Nf3 Nc6 5.Bc4 Nb6 6.Bb3 d5 7.exd6 c4 8.Bc2 e5
9.O-O Be6 10.d4 cxd3 11.Bxd3 Qxd6 12.Qc2 Rd8 13.Be4 Bd5 14.Re1 Bxe4 15.Qxe4 f6
16.Nbd2 g6 17.Nc4 Nxc4 18.Qxc4 Qd5 19.Qxd5 Rxd5 20.Be3 Kf7 21.Rad1 Rxd1 22.Rxd1 Ke6
23.Nd2 f5 24.f3 Be7 25.Kf1 b6 26.Ke2 Na5 27.h3 h5 28.Rc1 Rc8 29.Rg1 h4 30.Rd1 Rc7
31.Ra1 b5 32.b4 Nb7 33.Kd3 Bf6 34.Rc1 Nd6 35.Bc5 Bg5 36.Be3 Bxe3 37.Kxe3 Kd5
38.Nb3 Nc4+ 39.Ke2 Nb2 40.Nc5 a5 41.Rb1 Nc4 42.Ra1 Kc6 43.Nd3 Kb6 44.bxa5+ Kxa5
45.Nc1 Nb2 46.Kd2 Rd7+ 47.Kc2 Nc4 48.Nb3+ Kb6 49.Re1 f4 50.Re2 Ne3+ 51.Kb2 Rd1
52.Nd2 Rg1 53.Kb3 Rc1 54.a3 Ka5 55.Ne4 Rb1+ 56.Ka2 Rg1 57.Kb3 Nxg2 58.Rd2 Ne3
59.Rd6 Nc4 60.Rd8 Rg2 61.Ra8+ Kb6 62.Rb8+ Kc6 63.Rc8+ Kb7  0-1

[Event "39th Olympiad Men"]
[Site "Khanty-Mansiysk RUS"]
[Date "2010.10.03"]
[Round "11"]
[White "Gallagher,Jo"]
[Black "Haznedaroglu,K"]
[Result "1/2-1/2"]
[WhiteElo "2517"]
[BlackElo "2483"]

1.e4 c5 2.c3 Nf6 3.e5 Nd5 4.Bc4 Nb6 5.Bb3 c4 6.Bc2 Nc6 7.Nf3 Qc7 8.Qe2 g5
9.Na3 Bg7 10.Nxc4 g4 11.Nxb6 axb6 12.Ng5 Qxe5 13.Qxe5 Nxe5 14.d4 h6 15.Ne4 Ng6
16.Ng3 h5 17.O-O d5 18.f4 gxf3 19.Rxf3 Bg4 20.Rf2 h4 21.Nf5 Bxf5 22.Bxf5 e6
23.Bxg6 fxg6 24.Bg5 b5 25.Re1 Ra6 26.a3 Rh5 27.Bf6 Bh6 28.g4 hxg3 29.hxg3 Bf8
30.Kg2 Rc6 31.g4 Rh7 32.Re5 Rh6 33.Bg5 Rh7 34.Rf6 Bd6 35.Rexe6+ Kd7 36.Bf4 Bxf4
37.Rxc6 Rh2+ 38.Kf3 bxc6 39.Kxf4 Rxb2 40.Kg5 Rb3 41.Rf3 Rxa3 42.Kxg6 Kc7
43.g5 Kb6 44.Kf7 b4 45.g6 Rxc3 46.Rf1 Rg3 47.g7 Kb5 48.g8=Q Rxg8 49.Kxg8 Kc4
50.Rd1 c5 51.dxc5 Kxc5 52.Kf7 b3 53.Ke6 Kc4 54.Rc1+ Kd3 55.Kxd5 b2 56.Rh1 Kc2
57.Rh2+ Kc1 58.Rxb2 Kxb2  1/2-1/2

[Event "39th Olympiad Men"]
[Site "Khanty-Mansiysk RUS"]
[Date "2010.10.03"]
[Round "11"]
[White "Potapov,P"]
[Black "Stefansson,H"]
[Result "1/2-1/2"]
[WhiteElo "2464"]
[BlackElo "2585"]

1.e4 c5 2.c3 Nf6 3.e5 Nd5 4.Nf3 d6 5.d4 cxd4 6.cxd4 e6 7.Bc4 Nb6 8.Bd3 Nc6
9.O-O Nb4 10.Be4 d5 11.Bd3 Nxd3 12.Qxd3 Be7 13.Nc3 Bd7 14.b3 O-O 15.a4 Bc6
16.Bd2 Re8 17.Rfc1 Nd7 18.Ne2 Nf8 19.b4 a6 20.Ne1 Qb6 21.Qb3 Rec8 22.Nd3 Qd8
23.Rc3 Be8 24.Rac1  1/2-1/2

[Event "Tatry Open"]
[Site "Tatranske Zruby CZE"]
[Date "2010.10.03"]
[Round "2"]
[White "Jancura,A"]
[Black "Bednar,Petr"]
[Result "1-0"]
[WhiteElo "1945"]
[BlackElo "1840"]

1.e4 c5 2.c3 Nf6 3.d3 d6 4.g3 Nc6 5.Bg2 Bg4 6.Ne2 Ne5 7.h3 Bf3 8.O-O Bxg2
9.Kxg2 Nc6 10.c4 e6 11.Bg5 Be7 12.Bxf6 Bxf6 13.Nbc3 h5 14.a3 Bxc3 15.Nxc3 Nd4
16.Ne2 Qf6 17.Nxd4 Qxd4 18.Qb3 b6 19.Qc3 Qxc3 20.bxc3 Rc8 21.a4 Rc7 22.h4 Ke7
23.a5 bxa5 24.Rfb1 Rd8 25.Kf3 Kf6 26.Rxa5 Rdd7 27.Rbb5 g6 28.Ke3 e5 29.Ra6 Ke7
30.f3 f6 31.Ra4 Rd8 32.Rba5 Rdd7 33.Rb5 Rd8 34.Rba5 Rdd7 35.d4 cxd4+ 36.cxd4 Rb7
37.Ra3 Rdc7 38.dxe5 fxe5 39.f4 exf4+ 40.Kxf4 Kf8 41.R3a4 Kg7 42.Ra6 Rf7+
43.Ke3 Rbd7 44.R4a5 Rfe7 45.Rd5 Kf7 46.Rdxd6 Rxd6 47.Rxd6  1-0

[Event "Tatry Open"]
[Site "Tatranske Zruby CZE"]
[Date "2010.10.03"]
[Round "2"]
[White "Bombek,P"]
[Black "Zambor,N"]
[Result "1/2-1/2"]
[WhiteElo "2194"]
[BlackElo "2281"]

1.e4 c5 2.c3 Nf6 3.e5 Nd5 4.d4 cxd4 5.Nf3 Nc6 6.cxd4 g6 7.Qb3 e6 8.Nc3 Bg7
9.Nxd5 exd5 10.Bd3 O-O 11.O-O d6 12.exd6 Qxd6 13.Be3 b6 14.Rac1 Bd7 15.h3 Na5
16.Qa3 Qxa3 17.bxa3 Rfc8 18.Ba6 Rxc1 19.Rxc1 Bf8 20.Ne5 Be6 21.Rc3 Bd6 22.Bf4 Be7
23.Nd3 Nc4 24.Nb4 Bf6 25.Bb7 Rd8 26.Nc6 Re8 27.Ne5 Bxe5 28.dxe5 Rd8 29.Rd3 d4
30.Ba6 Nb2 31.Rd2 Na4 32.Bg5 Rd5 33.f4 Nc5 34.Bc4 Rd7 35.Bb5 Rd5 36.Bc4 Ne4
37.Rd3 Rc5 38.Bxe6 fxe6 39.Rxd4 Nxg5 40.fxg5 Rxe5 41.Rd8+ Kf7 42.Rd7+ Kf8
43.Rxa7 Rxg5 44.Rxh7 Ra5 45.Rb7 b5 46.Kh2 Rxa3 47.Rxb5 Ke7 48.Rb2 Kf6 49.Rf2+ Ke5
50.h4 Ra8 51.Kg3 Ra4 52.Kh3 Ra6 53.Kg4 Ke4 54.Rf6 Ke5 55.Rxg6 Rxa2 56.g3 Ra8
57.h5 Kd5 58.h6 e5 59.h7 Rh8 60.Rg7 e4 61.Kf4 Ke6 62.Kxe4 Kf6 63.Rb7 Kg6
64.Kf4 Rf8+ 65.Kg4 Ra8 66.Kh4 Ra4+ 67.g4 Ra8 68.Rc7 Rb8 69.Re7 Ra8 70.g5 Ra4+
71.Kg3 Ra3+ 72.Kf4 Ra4+ 73.Ke5 Rh4 74.Ke6 Rh1 75.Rc7 Re1+ 76.Kd6 Rh1 77.Ke5 Re1+
78.Kf4 Re8 79.Rd7 Ra8 80.Ke5 Re8+ 81.Kd6 Rh8 82.Ke6 Re8+ 83.Re7 Rh8 84.Ke5 Ra8
85.Rd7 Re8+ 86.Kf4 Ra8 87.Rd6+ Kxh7 88.Kf5 Kg7 89.Rd7+ Kg8 90.Kg4 Rb8 91.Kh5 Rb5
92.Kh6 Rb6+ 93.g6 Rb8 94.Re7 Rc8 95.Re6 Rf8 96.g7 Rf6+ 97.Rxf6  1/2-1/2

[Event "Tatry Open"]
[Site "Tatranske Zruby CZE"]
[Date "2010.10.04"]
[Round "3"]
[White "Tropp,L"]
[Black "Skreno,V"]
[Result "1/2-1/2"]
[WhiteElo "2018"]
[BlackElo "2160"]

1.e4 c5 2.c3 Nf6 3.e5 Nd5 4.d4 cxd4 5.Nf3 Nc6 6.cxd4 d6 7.Bc4 e6 8.O-O Be7
9.a3 O-O 10.Qe2 dxe5 11.dxe5 Qc7 12.Rd1 Rd8 13.Bd2 a6 14.Nc3 Nxc3 15.Bxc3 Bd7
16.Bd3 Na5 17.Rac1 Nb3 18.Bxh7+ Kh8 19.Rb1 Bb5 20.Bd3 Rxd3 21.Rxd3 Nc5 22.Ne1 Nxd3
23.Nxd3 Bxa3 24.Qh5+ Kg8 25.Nf4 Be7 26.Qg4 Qc4 27.Qg3 Qe4 28.Rd1 Rd8 29.Rxd8+ Bxd8
30.h3 Qf5 31.h4 Bc6 32.Nh3 Bb6 33.Qf4 Qxf4 34.Nxf4 a5 35.Ne2 Bd8 36.Nd4 Bd7
37.Nb3 b6 38.g3 Kf8 39.Kf1 Ke7 40.Ke2 Bb5+ 41.Ke3 Bc4 42.Nd2 Bd5 43.Bd4 Kd7
44.Ne4 Bxe4 45.Kxe4 g6 46.g4 Bxh4 47.Bxb6 a4 48.Be3 Be7 49.Kd4 a3 50.bxa3 Bxa3
51.f4 Kc6 52.Ke4 Bc5 53.Bc1 Be7 54.f5 gxf5+ 55.gxf5 exf5+ 56.Kxf5 Kd5 57.Bh6 Bh4
58.Bg7 Bg3 59.Bh8  1/2-1/2

[Event "Tatry Open"]
[Site "Tatranske Zruby CZE"]
[Date "2010.10.08"]
[Round "8"]
[White "Tropp,F"]
[Black "Komlosi,F"]
[Result "1/2-1/2"]
[WhiteElo "2095"]
[BlackElo "1902"]

1.e4 c5 2.c3 Nf6 3.e5 Nd5 4.d4 cxd4 5.Nf3 Nc6 6.Be2 g6 7.O-O Bg7 8.cxd4 O-O
9.Nc3 Nxc3 10.bxc3 d6 11.exd6 Qxd6 12.a4 Re8 13.Ba3 Qc7 14.Bb5 a6 15.Bd3 Bg4
16.h3 Bxf3 17.Qxf3 Rad8 18.Be4 Rb8 19.Rab1 Na5 20.Rfd1 Nc4 21.Bc1 b6 22.Rb4 Nd6
23.Bc6 Rec8 24.d5 e5 25.Qe2 Qe7 26.Qxa6 e4 27.Bf4 Bxc3 28.Rxb6 Qf6 29.Rxb8 Rxb8
30.Bxd6 Qxd6 31.Qc4 Ba5 32.Qxe4 Bc7 33.g3 Rb2 34.Qd4 Rb4 35.Qc3 Re4 36.a5 f6
37.Rb1 Kg7 38.a6 Bb8 39.a7 Bxa7 40.Rb7+ Re7 41.Rxe7+ Qxe7 42.Qf3 h5 43.Bb5 Qd6
44.Bd3 Qe5 45.h4 Bc5 46.Kg2 Kh6 47.Be4 Bd6 48.Qd3 f5 49.Bf3 f4 50.gxf4 Qxf4
51.Qe3 Be5 52.Be4 g5 53.Qxf4 Bxf4 54.Kf3 Bd6 55.Bf5 gxh4 56.Ke4 Kg5 57.Bh3 Bh2  1/2-1/2

[Event "TCh-NED"]
[Site "Netherlands NED"]
[Date "2010.10.09"]
[Round "2.10"]
[White "Riemens,A"]
[Black "Hoolt,S"]
[Result "0-1"]
[WhiteElo "2158"]
[BlackElo "2251"]

1.e4 c5 2.c3 Nf6 3.e5 Nd5 4.Nf3 e6 5.d4 cxd4 6.cxd4 d6 7.Nc3 Nxc3 8.bxc3 Qc7
9.Bd2 Nd7 10.exd6 Bxd6 11.Bd3 O-O 12.O-O b6 13.Re1 Bb7 14.Ne5 Nxe5 15.dxe5 Bc5
16.Qh5 g6 17.Qh3 Rfd8 18.Rac1 Qd7 19.Bg5 Qxd3 20.Qh4 Rd7 21.Bf6 Qd5 22.Qg4 Qxa2
23.Qh4 Rd2 24.Rf1 Qd5 25.Qg5 Rd8 26.h4 h6 27.Qg4 Bxf2+  0-1

[Event "Continental Class Ch"]
[Site "Arlington USA"]
[Date "2010.10.10"]
[Round "6"]
[White "Shibut,M"]
[Black "Kats,A"]
[Result "1-0"]
[WhiteElo "2235"]
[BlackElo "2055"]

1.e4 c5 2.c3 Nf6 3.e5 Nd5 4.d4 cxd4 5.Nf3 e6 6.cxd4 d6 7.Bc4 Nb6 8.Bd3 Bd7
9.O-O Bc6 10.Nc3 N8d7 11.Ne4 dxe5 12.dxe5 Be7 13.Re1 Nd5 14.a3 Qc7 15.Bg5 Bxg5
16.Nd6+ Ke7 17.Nxg5 Nxe5 18.Ndxf7 Nxf7 19.Nxe6 Qd6 20.Nxg7+ Kd8 21.Bc4 Kc7
22.Rc1 Kb8 23.Nf5 Qd7 24.Ne7 Rd8 25.Bxd5 Bxd5 26.Nxd5 Qxd5 27.Qg4 Nd6 28.Rcd1 Qc6
29.Qh4 Rg8 30.g3 a6 31.Qf4 Rg6 32.h4 Qc4 33.Rd4 Qf7 34.Qd2  1-0

[Event "Continental Class Ch"]
[Site "Arlington USA"]
[Date "2010.10.10"]
[Round "6"]
[White "Wang,K"]
[Black "Zenyuk,I"]
[Result "1-0"]
[WhiteElo "2152"]
[BlackElo "2271"]

1.e4 c5 2.c3 Nf6 3.e5 Nd5 4.Nf3 e6 5.Bc4 Nc6 6.d4 cxd4 7.cxd4 d6 8.Qe2 Be7
9.O-O O-O 10.Nc3 dxe5 11.dxe5 Nxc3 12.bxc3 Qa5 13.Bd2 Rd8 14.Rfe1 a6 15.Qe4 Qa4
16.Ng5 g6 17.Qf3 Rf8 18.Bd3 Qa5 19.Nxh7 Kxh7 20.Qh5+ Kg8 21.Bxg6 fxg6 22.Qxg6+ Kh8
23.Re3 Bh4 24.Rh3 Qd8 25.Bg5  1-0